000 00327 a2200109 4500
001 ART_2960
005 20260410161711.0
008 260409a
245 1 0 _aLa estrategia del desarrollo indirecto
100 1 _aDi Tella, Guido
773 0 _tDesarrollo económico
_g- Vol. 8, Nº 32 (ene./mar. 1969)
_wREV1174
999 _c16087
_d16087